[Event "XXVII RUS-chT Women 2020"]
[Site "Sochi"]
[Date "2020.11.23"]
[Round "5.13"]
[White "Zherebtsova, Alexandra"]
[Black "Afonasieva, Anna"]
[Result "1-0"]
[WhiteElo "2204"]
[BlackElo "2316"]
[Annotator "TA"]
[PlyCount "137"]
[EventDate "2020.11.19"]
[EventType "team-tourn"]
[EventCountry "RUS"]
[SourceTitle "playchess.com"]
[Source "ChessBase"]
[SourceQuality "1"]

{[%evp 13,137,18,18,18,18,23,22,11,23,20,23,21,29,16,24,27,32,25,23,22,49,15,20,13,35,31,42,45,47,7,30,7,4,9,6,6,9,10,6,17,12,4,47,42,66,66,68,69,89,100,148,147,169,169,155,160,201,210,214,206,356,295,293,280,254,111,107,114,104,76,83,100,305,294,295,308,277,277,404,396,435,222,223,214,208,216,204,195,223,193,254,311,725,174,717,558,831,466,458,450,448,448,424,411,582,569,580,577,554,573,565,537,29983,29984,29983,29984,29989,29990,29990,29991,29991,29985,29985,0,29991,29991]} 1. d4 d5 2. c4 c6 3. cxd5 cxd5 4. Bf4 Nf6 5. Nc3 Nc6 6. e3 Bf5 7. Qb3 Na5 8. Bb5+ {D10: Slav Defence: 3 cxd5 (without early Nf3) and 3 Nc3.} Bd7 $1 9. Qc2 {Recently 9.Qd1 got a lot of attention.} e6 10. Bd3 {The position is equal.} Rc8 11. Nf3 Bb4 12. O-O O-O 13. Rfc1 h6 14. h3 Qe7 15. Ne5 a6 16. Qe2 {[#]} b5 $146 ({Predecessor:} 16... Bxc3 17. bxc3 Ba4 18. Rab1 Rfd8 19. g4 Ne4 20. c4 f6 21. Ng6 Qa3 22. c5 Re8 23. Bxe4 {1-0 (66) Mendl,M (2525)-Elent,M (2455) ICCF email 2016}) 17. Nd1 Bd6 18. f3 Rxc1 19. Rxc1 Rc8 20. Rxc8+ Bxc8 21. Qc2 (21. a4 $5) 21... Bb7 22. b3 Nd7 23. Bh7+ Kf8 24. Nxd7+ Qxd7 25. Bxd6+ Qxd6 26. Bd3 Nc6 27. f4 Ke7 28. Be2 f5 29. Nf2 g5 30. g3 gxf4 31. gxf4 Kd7 32. Nd3 Qe7 33. Nc5+ Kc7 34. a4 bxa4 35. bxa4 a5 36. Bb5 Ba8 (36... Nb4 $142 37. Qg2 (37. Nxe6+ Kd6 $17) 37... Qf7) 37. Qg2 Qf7 38. Qg3 Nb4 39. Bd7 (39. Qh4 $18) 39... Qh5 $16 40. Bxe6 Qd1+ 41. Kg2 Nc2 42. Qf2 $36 {[%mdl 2048] Black is under strong pressure.} Qc1 $2 (42... Ne1+ $16 43. Kh2 Nd3) 43. Kf3 $18 Qd1+ 44. Kg3 Qc1 45. Bxf5 Nxe3 (45... Qxe3+ $142 46. Qxe3 Nxe3) 46. Bd3 Bc6 47. Kf3 (47. f5 $142 {White threatens Qf4+ and mate.} Nd1 48. Qe1 $1 {[%mdl 512]} Qe3+ 49. Qxe3 Nxe3 50. f6) 47... Nc4 {[#]} 48. f5 $1 Be8 49. f6 Kc6 {intending ...Qg5.} 50. Kg2 {Strongly threatening f7.} Bf7 51. Kh2 Qg5 (51... Qc3 {is a better defense.} 52. Bf5 Qd2 53. Qxd2 Nxd2) 52. Bf5 Nd2 $2 (52... Qd2 53. Qxd2 Nxd2) 53. Bd7+ $2 (53. Be6 Bh5 54. Bd7+ Kb6 55. f7 Nf3+ 56. Kh1 Bxf7 57. Qb2+ Kc7 58. Bg4 Nxd4 59. Qxd4) 53... Kb6 $2 (53... Kd6 54. Bf5 (54. h4 Qe3 $16) 54... Qe3) 54. Bg4 Ka7 55. Qf5 Qxf5 56. Bxf5 {[%mdl 4096] Endgame KBN-KBN} Nf3+ 57. Kg3 Nxd4 58. Kf4 Ne2+ (58... Kb8 {was necessary.} 59. Nd7+ Kc7) 59. Ke3 Nc3 60. Kd4 Ne2+ 61. Ke5 {Cut Off at move 61} d4 62. Be6 Bxe6 63. Kxe6 {KN-KN} Nf4+ 64. Kf5 Nd5 65. f7 Ne7+ 66. Kf6 Nd5+ {[#]} 67. Ke5 $1 {[%mdl 512]} Ne7 68. Kf6 Nd5+ $1 69. Kg7 {Weighted Error Value: White=0.35/Black=0.27} 1-0

[Event "XXVII RUS-chT Women 2020"]
[Site "Sochi"]
[Date "2020.11.23"]
[Round "5.14"]
[White "Semenova, Elena"]
[Black "Doroshenko, Diana"]
[Result "1-0"]
[WhiteElo "2299"]
[BlackElo "2204"]
[Annotator "TA"]
[PlyCount "117"]
[EventDate "2020.11.19"]
[EventType "team-tourn"]
[EventCountry "RUS"]
[SourceTitle "playchess.com"]
[Source "ChessBase"]
[SourceQuality "1"]

{[%evp 16,117,65,55,64,57,63,63,106,17,27,20,208,211,140,175,152,106,104,0,0,-3,-8,-4,0,-2,48,0,0,0,0,0,40,50,57,25,31,23,58,53,56,54,81,84,86,27,56,0,61,58,56,56,156,157,168,158,448,465,438,449,465,449,438,439,461,461,424,417,547,553,517,547,512,491,551,442,684,653,610,487,823,788,11559,2390,1354,1180,1000,937,29975,29975,29974,29975,29986,29987,29986,29978,29978,29977,29989,29990,29990,29991,29991,29992]} 1. e4 e6 2. d4 d5 3. Nc3 Nf6 4. Bg5 Be7 5. e5 Nfd7 6. h4 a6 7. Qg4 Bxg5 8. hxg5 c5 9. dxc5 Nxe5 {C14: French: Classical System: 4 Bg5 Be7 main line.} 10. Qg3 Nbc6 11. O-O-O Ng6 {[#] White is slightly better.} 12. Ne4 $146 ({White should play} 12. Bd3 $16) ({Predecessor:} 12. f4 Qc7 13. Nge2 Nce7 14. Qf2 Bd7 15. g4 O-O-O 16. Bg2 Kb8 17. Rh3 Rc8 18. Rdh1 Qxc5 19. Qxc5 Rxc5 20. Rxh7 {0-1 (61) Orgler,P (2047)-Sanger,J (1937) Daventry 2020}) 12... Qa5 $1 $11 13. Nd6+ Kf8 $2 (13... Ke7 $11) 14. Bd3 $18 ({Inferior is} 14. Qf3 Nce5 $11) 14... Qxc5 15. Bxg6 fxg6 16. Qf4+ Ke7 17. Ne4 (17. Nxb7 $1 $16 Bxb7 18. Qc7+ Kf8 19. Qxb7) 17... Qb4 $36 {[%mdl 2112] Strongly threatening ...e5. Pin. Black has the initiative.} ({But not} 17... dxe4 $2 18. Qc7+ Bd7 19. Rxd7+ Ke8 20. Nh3 $18) 18. Qc7+ Bd7 19. Nc3 $1 Rac8 20. Qg3 Rcf8 21. Nge2 {[%mdl 1024] Black should prevent Rxd5! White has compensation.} Qd6 {White must now prevent ...Qxg3.} 22. f4 Kd8 23. Qe3 Qb4 24. a3 Qd6 25. g3 (25. Ne4 $5 {[%cal Re4d6]} Qc7 26. Nc5 $14) 25... Kc8 26. Nd4 Na5 27. Nf3 Nc4 28. Qd4 {Hoping for Qxc4+!} Qb6 29. Qxb6 Nxb6 {[#]} 30. Ne5 (30. Rh4 $1 $16) 30... Bc6 31. Ne2 (31. Rde1 $14) 31... Nd7 (31... Nc4 $11) 32. Nxc6 $14 bxc6 33. Nd4 {[%mdl 64] Double Attack} e5 {White stays focused until the end.} ({Better is} 33... Re8 $14) 34. Nxc6 $16 {[%mdl 64] Discovered Attack} exf4 35. gxf4 Rxf4 $2 {[#]} (35... Nb6 $16 36. Ne5 Kc7) 36. Ne7+ $1 $18 {[%mdl 64] Double Attack} Kb7 {[#]} 37. Nxg6 $1 {[%mdl 512]} hxg6 38. Rxh8 {[%mdl 4096] Endgame KRR-KRN} Rf5 39. Rg1 Ne5 40. Rg8 Kc6 41. Rxg7 Kc5 42. Rc7+ Kb5 43. b3 {[%cal Bb2b3,Bb3a4,Ba4a5][%mdl 32]} a5 44. Rg3 a4 45. Rgc3 d4 (45... Kb6 $142 46. Rc8 (46. bxa4 Nc4 $18) 46... axb3 47. Rxb3+ Ka7) 46. bxa4+ Kb6 {[#]} 47. a5+ $1 Ka6 (47... Kxa5 $142 48. Rb3 Ka6) 48. Rb3 Rxg5 49. Rc8 (49. a4 $142 Ng4 50. Rc8) 49... Ka7 50. a4 Rf5 51. Rb5 g5 52. Rcc5 {White mates.} Rf1+ 53. Kd2 Ng4 54. Rc7+ Ka6 55. Rc6+ Ka7 56. Rxg5 Ne3 57. Rg7+ Kb8 58. a6 Rf8 59. Rcc7 {Weighted Error Value: White=0.22/Black=0.37} 1-0

[Event "XXVII RUS-chT Women 2020"]
[Site "Sochi"]
[Date "2020.11.23"]
[Round "5.15"]
[White "Khokhlova, Daria"]
[Black "Vasilevich, Irina"]
[Result "1/2-1/2"]
[WhiteElo "2196"]
[BlackElo "2258"]
[Annotator "TA"]
[PlyCount "81"]
[EventDate "2020.11.19"]
[EventType "team-tourn"]
[EventCountry "RUS"]
[SourceTitle "playchess.com"]
[Source "ChessBase"]
[SourceQuality "1"]

{[%evp 12,81,51,31,43,3,4,0,21,-12,8,0,0,-3,0,0,11,9,9,0,42,45,70,52,52,70,87,87,75,90,96,70,72,27,20,0,0,0,0,-28,-30,-33,0,0,0,0,0,0,0,0,0,0,0,0,0,0,22,0,0,0,0,0,0,0,0,0,0,0,0,0,0,0]} 1. d4 b6 2. e4 Bb7 3. Bd3 e6 4. Nd2 g6 5. Ne2 Bg7 6. c3 Ne7 7. O-O O-O {[#] B00: Queen's Fianchetto Defence, Nimzowitsch Defence.} 8. Ng3 $146 ({Predecessor:} 8. f4 f5 9. Ng3 fxe4 10. Bxe4 d5 11. Bd3 c5 12. Nf3 Nbc6 13. Be3 Qd6 14. Qd2 Nf5 15. Nxf5 exf5 {½-½ (58) Bidon,S (2108)-Duplessy,F (2064) Bretagne 2006}) 8... c5 9. Nf3 Nbc6 {[%cal Rc5d4]} 10. Bb1 d6 11. Be3 cxd4 12. cxd4 Rc8 13. Qe2 Rc7 14. a3 Qc8 15. Bd3 Re8 16. Rfd1 Qa8 17. Rac1 Rec8 18. Rc2 Nb8 19. Rxc7 Rxc7 20. Bf4 Rd7 21. Bb5 Bc6 22. Bxc6 Nbxc6 23. d5 exd5 24. exd5 Ne5 $1 25. Nxe5 (25. Bxe5 {feels hotter.} dxe5 26. d6 Nd5 27. Ne4 Qc6 28. g3) 25... dxe5 26. Bxe5 {[#] d6 is the strong threat.} Rxd5 27. Bxg7 {The position is equal.} Kxg7 28. Rxd5 Nxd5 29. Qe4 Qc6 30. h3 h5 31. Ne2 {[#] Black must now prevent Nc3!} Qd7 32. Qe5+ Nf6 33. Nc3 Qc6 34. a4 a5 35. Qd4 Kh7 36. f3 Qe6 37. Kf2 Qc6 38. Kg1 Qe6 39. Kf2 Qc6 40. Kg1 Qe6 41. Kf2 {Weighted Error Value: White=0.08/Black=0.07} 1/2-1/2

[Event "XXVII RUS-chT Women 2020"]
[Site "Sochi"]
[Date "2020.11.23"]
[Round "5.16"]
[White "Mikheeva, Galina"]
[Black "Mukhina, Jana"]
[Result "0-1"]
[WhiteElo "1943"]
[BlackElo "2012"]
[Annotator "TA"]
[PlyCount "104"]
[EventDate "2020.11.19"]
[EventType "team-tourn"]
[EventCountry "RUS"]
[SourceTitle "playchess.com"]
[Source "ChessBase"]
[SourceQuality "1"]

{[%evp 9,104,-8,0,0,9,4,8,8,17,0,47,48,43,40,102,47,37,39,42,44,78,-25,-13,-20,-16,-15,-26,-24,-24,-60,-24,-24,-25,-77,16,16,11,-29,0,0,0,5,15,14,14,0,0,28,112,115,103,105,100,101,146,132,139,0,0,-69,8,0,0,-30,20,-149,-160,-145,-81,-85,-68,-548,-543,-744,-779,-1185,-1185,-1185,-1181,-1197,-1186,-1186,-1186,-1176,-1168,-1089,-1084,-29978,-29979,-29976,-1178,-29978,-29979,-29979,-29979,-29980,-29981]} 1. e4 c6 2. d4 d5 3. e5 c5 4. dxc5 e6 5. a3 Bxc5 6. b4 {B12: Caro-Kann: Advance Variation.} Bf8 7. Bb2 a5 8. b5 {[#] The position is equal.} Bc5 $146 ({Predecessor:} 8... Nd7 9. Nf3 Bc5 10. Qd2 Ne7 11. Bd3 Bb6 12. Qg5 Ng6 13. Qg3 Nc5 14. h4 Nxd3+ 15. cxd3 {0-1 (35) Toma,K (2272)-Head,L (2100) London 2019}) 9. Qg4 Bf8 10. Nf3 Nh6 11. Qf4 Qc7 (11... Nd7 $14) 12. Bd3 (12. c4 $1 $16) 12... Nd7 13. O-O Nc5 14. Be2 Nf5 15. g4 (15. c4 $1 $16) 15... Ne7 $1 $11 16. Nbd2 b6 17. Bd4 Ng6 18. Qe3 Be7 19. Rfc1 O-O 20. Bd3 Bb7 21. g5 (21. Re1 $11 {remains equal.}) 21... Bd8 ({Better is} 21... a4 $17) 22. h4 Ne7 23. h5 Nxd3 24. cxd3 Qd7 {...Nf5 is the strong threat.} 25. a4 Nf5 26. Qf4 Rc8 27. Bb2 Rxc1+ 28. Rxc1 Be7 (28... Kh8 $11) 29. Nd4 $16 Rc8 30. N2f3 Rxc1+ 31. Qxc1 Bc5 32. Nxf5 exf5 33. d4 (33. Bd4 $16) 33... Be7 $11 34. Kg2 (34. Ba3 $11) 34... Bc8 ({Black should try} 34... f4 $1 $15 35. Qxf4 Bc8) 35. Qf4 Qc7 36. Qc1 Qc4 37. Qd1 $2 (37. Qxc4 $11 dxc4 38. d5) 37... f4 $17 38. Bc1 {[#]} Bg4 (38... Bf5 $142 $1 {Strongly threatening ...Qc8.} 39. Bxf4 Bc2) 39. Bxf4 Bxh5 40. Kg3 $2 {[%mdl 8192] [#] Now White is beyond hope.} (40. e6 $1 $15) 40... Qc8 $1 $19 {[%cal Rc8g4]} 41. e6 Qxe6 {( -> ...Qg4+)} 42. Qc1 Qg4+ {[%mdl 64] Double Attack} 43. Kh2 Qxf3 44. Qc8+ Bf8 45. Bd6 Qxf2+ {[%mdl 64] Double Attack} 46. Kh3 Qf3+ 47. Kh2 Qe2+ 48. Kg3 {[#]} Qg4+ $1 49. Qxg4 Bxg4 (49... Bxd6+ $142 50. Kh4 Bxg4 51. Kxg4 Kf8 52. Kf5 Ke7 53. Kg4 Ke6 54. Kh3 Kf5 55. Kg2 Kxg5 56. Kg1 h5 57. Kf2 f5 58. Kf3 h4 59. Kg2 Kg4 60. Kf1 h3 61. Kg1 f4 62. Kh2 f3+ 63. Kg1 h2+ 64. Kf2 h1=Q 65. Ke3 Qd1 66. Kf2 Bg3+ 67. Ke3 Qe2#) 50. Bxf8 Kxf8 {Black mates.} 51. Kxg4 f6 52. Kf5 Kf7 {Weighted Error Value: White=0.72/Black=0.29} 0-1

[Event "XXVII RUS-chT Women 2020"]
[Site "Sochi"]
[Date "2020.11.23"]
[Round "5.17"]
[White "Kochukova, Anna"]
[Black "Grigorieva, Yulia"]
[Result "0-1"]
[WhiteElo "2111"]
[BlackElo "2343"]
[Annotator "TA"]
[PlyCount "36"]
[EventDate "2020.11.19"]
[EventType "team-tourn"]
[EventCountry "RUS"]
[SourceTitle "playchess.com"]
[Source "ChessBase"]
[SourceQuality "1"]

{[%evp 15,36,27,44,9,8,27,24,0,0,0,71,72,68,64,59,-733,-727,-1216,-1220,-1185,-1202,-1124,-822]} 1. e4 e5 2. Nf3 Nc6 3. Bc4 Nf6 4. d3 Bc5 5. O-O O-O 6. c3 d5 7. exd5 Nxd5 8. Re1 Bg4 9. Nbd2 {C54: Giuoco Piano: 4 c3 Nf6, main lines with 5 d4 and 5 d3.} Nb6 10. h3 Bh5 11. Bb3 {White has an edge. is currently scoring better than 11.Bb5.} Qxd3 12. Nxe5 Qg3 (12... Qf5 $1 $11 13. Nef3 Rae8) 13. Qxh5 $16 Qxf2+ {[%mdl 64] [#] Double Attack} 14. Kh2 {[#] aiming for Ne4.} g6 $146 ({Predecessor:} 14... Bd6 15. Ndf3 Nxe5 16. Rxe5 Nd7 17. Bf4 Nxe5 18. Bxe5 Rae8 19. Bxd6 cxd6 20. Bc4 h6 {1-0 (47) Samsonkin,A (2424)-Dukic,Z (2275) Toronto 2019}) 15. Qf3 $2 {[%mdl 8192] White does not recover from this.} (15. Ne4 $14 gxh5 16. Nxf2 Bxf2 17. Rf1 Nxe5 18. Rxf2) 15... Qxe1 $19 {Black is clearly winning.} 16. Bxf7+ Kg7 {( -> ...Bg1+)} 17. Nf1 Qxe5+ 18. Bf4 Qxf4+ {Weighted Error Value: White=1.08/Black=0.09} 0-1

[Event "XXVII RUS-chT Women 2020"]
[Site "Sochi"]
[Date "2020.11.23"]
[Round "5.18"]
[White "Baiburina, Kamilla"]
[Black "Zhurova, Anna"]
[Result "1/2-1/2"]
[WhiteElo "1805"]
[BlackElo "2078"]
[Annotator "TA"]
[PlyCount "104"]
[EventDate "2020.11.19"]
[EventType "team-tourn"]
[EventCountry "RUS"]
[SourceTitle "playchess.com"]
[Source "ChessBase"]
[SourceQuality "1"]

{[%evp 14,104,12,18,20,-4,16,-14,30,-9,14,20,23,14,28,10,33,45,37,45,35,0,27,21,14,0,0,0,0,0,0,-60,-71,-56,-67,-141,-93,-72,-26,-21,-23,-63,-54,-52,0,0,0,0,12,14,52,51,56,57,59,35,42,49,93,90,96,0,0,14,10,0,20,0,0,0,0,0,0,0,0,0,0,0,0,0,0,0,0,0,0,0,0,0,0,0,0,0,0]} 1. c4 Nf6 2. g3 e6 3. Bg2 d5 4. Nf3 d4 5. O-O c5 6. e3 Nc6 7. exd4 cxd4 8. d3 Bd6 {A13: English Opening: 1...e6.} 9. Re1 O-O 10. Nbd2 e5 11. Ng5 {[#]} Nd7 $146 ({Predecessor:} 11... Bg4 12. Bf3 Bxf3 13. Qxf3 Nb4 14. Re2 Nd7 15. Nb3 Be7 16. Bd2 Nxd3 17. Nxh7 Kxh7 18. Qxd3+ {0-1 (47) Arsenault,M (2006)-Danilov,A (1908) Gatineau 2008}) 12. Nde4 Be7 13. f4 h6 14. Nf3 f5 15. Nf2 {[%cal Rf3e5]} exf4 16. Bxf4 g5 17. Bc1 Nf6 18. a3 a5 $1 19. Ne5 Nxe5 20. Rxe5 Qc7 21. Re1 Bd6 22. Kh1 ({White should try} 22. Rb1 $11) 22... Bd7 $15 23. Bd2 Bc6 24. Rg1 (24. Bxc6 $15 Qxc6+ 25. Kg1) 24... Kh8 25. b4 f4 26. gxf4 Bxf4 ({Much worse is} 26... gxf4 $6 27. b5 $16) 27. b5 Bxg2+ 28. Rxg2 Be3 (28... Rae8 $15) 29. Ng4 $11 Nxg4 30. Qxg4 Rf4 31. Qe6 {[%mdl 64] [#] Double Attack} Qg7 32. Bxe3 dxe3 33. Re1 Raf8 34. Qxe3 Rf3 35. Qe4 R8f4 {[#]} 36. Qd5 $1 Rf5 37. Re8+ (37. Qd6 $16) 37... Kh7 $1 {The position is equal.} 38. Qe4 R3f4 39. Qe3 Rf7 40. Re5 Qf6 41. Rg1 Rf1 {( -> ...Rxg1+)} 42. Qe2 {Black must now prevent Qxf1.} Rf2 43. Qe4+ Kg7 44. Re6 Qf3+ 45. Qxf3 R7xf3 {[%mdl 4096] Endgame KRR-KRR} 46. Rd6 Re3 47. c5 Ree2 {[%csl Ge2][%cal Rf2h2]} 48. Rc1 $1 Rxh2+ 49. Kg1 Reg2+ 50. Kf1 Rb2 {[%cal Rh2h1]} 51. Kg1 $1 Rhg2+ 52. Kh1 Rh2+ {Weighted Error Value: White=0.16/Black=0.09} 1/2-1/2

[Event "XXVII RUS-chT Women 2020"]
[Site "Sochi"]
[Date "2020.11.23"]
[Round "5.19"]
[White "Shestakova, Ekaterina"]
[Black "Idrisova, Roza"]
[Result "1-0"]
[WhiteElo "1966"]
[BlackElo "1960"]
[Annotator "TA"]
[PlyCount "113"]
[EventDate "2020.11.19"]
[EventType "team-tourn"]
[EventCountry "RUS"]
[SourceTitle "playchess.com"]
[Source "ChessBase"]
[SourceQuality "1"]

{[%evp 9,113,38,38,35,54,7,8,8,9,8,10,20,13,10,37,0,6,0,0,-23,35,35,33,38,48,25,29,38,64,64,68,56,89,84,97,94,90,89,102,83,129,129,129,129,129,129,129,129,129,129,129,129,129,129,186,180,167,129,129,73,74,74,74,75,70,37,77,67,85,63,64,53,71,31,135,135,135,137,170,18,14,4,0,0,337,274,286,228,308,322,536,537,29987,29988,29988,29989,29991,29992,29992,29993,29993,29994,29994,29990,29998,29999]} 1. e4 c6 2. d4 d5 3. Nc3 {[%cal Bb1c3,Bc3e2,Be2g3,Bg3h5][%mdl 32]} a6 4. Nf3 Bg4 5. h3 Bxf3 6. Qxf3 {[%cal Re4d5] B15: Caro-Kann: 3 Nc3: 3...g6 and 3...dxe4 4 Nxe4 Nf6 5 Nxf6+ exf6.} e6 7. exd5 cxd5 8. Ne2 {The position is equal.} Nc6 9. c3 Nf6 10. Ng3 {[#]} Bd6 $146 ({Predecessor:} 10... b5 11. Bg5 Be7 12. Bd3 g6 13. O-O O-O 14. a3 Nd7 15. Bxe7 Qxe7 16. Rfe1 Qh4 {1-0 (53) Fronczak,S (1859)-Dunaj,K (1792) Rewal 2014}) 11. Be2 Qc7 12. O-O O-O 13. Nh5 Ne4 14. Nf4 Na5 (14... Rae8 $11) 15. Bd3 $14 Qc6 16. Re1 {[%cal Rd3e4]} Nf6 17. Nh5 Nxh5 18. Qxh5 {[%csl Gd3][%cal Rh5h7]} f5 19. Bg5 Rae8 20. Re2 g6 21. Qf3 Bc7 22. Rae1 Qd6 {( -> ...Qh2+)} 23. g3 Qd7 24. Bf4 Bd8 25. h4 Nc6 26. Re3 Bf6 27. Qe2 Kf7 28. b4 Re7 29. b5 axb5 30. Bxb5 Ra8 31. a4 Qc8 (31... h5 $16 {keeps fighting.} 32. Qd2 Ree8) 32. Bd6 Re8 33. Qd1 Qd7 34. Be5 (34. Bf4 $142) 34... Bxe5 $16 35. Rxe5 Qd6 36. R5e3 Re7 37. Qd3 Na5 38. R3e2 Rc8 39. Qe3 Kg7 40. Kg2 Nc4 41. Qc1 (41. Bxc4 $5 Rxc4 42. h5 $1 $14 {[%mdl 512]}) 41... Na3 (41... h6 $1 $14) 42. Bd3 Nc4 {[#]} 43. h5 $1 {[%mdl 512]} f4 (43... gxh5 44. Bxf5) 44. h6+ $2 ({Don't take} 44. Qxf4 $6 Qxf4 45. gxf4 Kf6 $14) ({Better is} 44. gxf4 $18 {And now hxg6 would win.} Rf8 45. h6+ $1 {[%mdl 512]} Kg8 46. f5 $1 {[%mdl 512]}) 44... Kxh6 $11 45. gxf4 {Black must now prevent f5+.} Kg7 46. f5 Rce8 $2 {[%mdl 8192]} (46... gxf5 $11 47. Kh1 f4) 47. fxg6 hxg6 48. Rh1 {Threatening mate with Qh6+.} Rg8 {[#]} 49. Qg5 $1 Kf8 $2 (49... e5 {might work better.} 50. Bxc4 dxc4 51. dxe5 Qe6) 50. Bxg6 $18 {Qf6+ would kill now.} Rxg6 51. Qxg6 {[%cal Rh1h8] White mates.} Rf7 52. Rxe6 {[%cal Rh1h8]} Rxf2+ 53. Kxf2 {[%cal Rh1h8]} Qf4+ 54. Kg2 {[%cal Rh1h8]} Qd2+ 55. Kh3 {[%csl Gg6][%cal Re6e8]} Qxc3+ 56. Qg3 Qxd4 57. Rf1+ {Weighted Error Value: White=0.15/Black=0.40} 1-0

[Event "XXVII RUS-chT Women 2020"]
[Site "Sochi"]
[Date "2020.11.23"]
[Round "5.20"]
[White "Absalyamova, Karina"]
[Black "Lesnykh, Zhanna"]
[Result "0-1"]
[WhiteElo "1884"]
[BlackElo "1755"]
[Annotator "NA"]
[PlyCount "84"]
[EventDate "2020.11.19"]
[EventType "team-tourn"]
[EventCountry "RUS"]
[SourceTitle "playchess.com"]
[Source "ChessBase"]
[SourceQuality "1"]
[TimeControl "40/5400+30:1800+30"]

1. d4 {[%emt 0:00:00]} f5 {[%emt 0:00:00]} 2. c4 {[%emt 0:00:00]} Nf6 {[%emt 0:00:00]} 3. g3 {[%emt 0:00:00]} g6 {[%emt 0:00:00]} 4. Bg2 {[%emt 0:00:00]} Bg7 {[%emt 0:00:00]} 5. Nf3 {[%emt 0:00:02]} O-O $11 {[%emt 0:00:00]} 6. Nc3 {[%emt 0:00:06]} d6 {[%emt 0:00:00]} 7. O-O {[%emt 0:00:26]} Nc6 {[%emt 0:00:01]} 8. Rb1 {[%emt 0:01:03]} e5 {[%emt 0:02:32]} 9. dxe5 {[%emt 0:07:16]} dxe5 {[%emt 0:00:12]} 10. Qxd8 {[%emt 0:00:20]} Rxd8 {[%emt 0:00:05]} 11. Nb5 {[%emt 0:00:15]} Ne8 {[%emt 0:10:05]} 12. Ng5 {[%emt 0:11:49]} Ne7 {[%emt 0:07:38]} 13. b3 {[%emt 0:04:00]} h6 {[%emt 0:03:30]} 14. Ba3 {[%emt 0:04:52]} Bf6 {[%emt 0:01:26]} 15. Nh3 {[%emt 0:10:26]} c6 {[%emt 0:04:01]} 16. Nc3 {[%emt 0:01:25]} e4 {[%emt 0:03:43]} 17. Na4 {[%emt 0:08:34]} Rd2 {[%emt 0:16:13]} 18. Rfd1 {[%emt 0:06:31]} Rxa2 {[%emt 0:02:49]} 19. Bb4 {[%emt 0:00:33]} Rc2 {[%emt 0:16:22]} 20. f3 {[%emt 0:30:22]} b5 {[%emt 0:07:22]} 21. Nc5 bxc4 {[%emt 0:10:05]} 22. fxe4 {[%emt 0:03:18]} Rb8 {[%emt 0:03:11]} 23. bxc4 {[%emt 0:01:26]} Rxc4 {[%emt 0:00:59]} 24. Ba3 {[%emt 0:00:06]} Rxb1 {[%emt 0:00:48]} 25. Rxb1 {[%emt 0:00:02]} Bd4+ {[%emt 0:00:20]} 26. Kf1 {[%emt 0:01:07]} Bxc5 {[%emt 0:00:07]} 27. Bc1 {[%emt 0:00:07]} fxe4 {[%emt 0:01:47]} 28. Bxh6 {[%emt 0:01:11]} Nf5 {[%emt 0:01:02]} 29. Bf4 {[%emt 0:00:10]} Ne3+ {[%emt 0:00:25]} 30. Bxe3 {[%emt 0:00:25]} Bxe3 {[%emt 0:00:04]} 31. Nf4 {[%emt 0:00:15]} Bf5 {[%emt 0:02:21]} 32. h3 {[%emt 0:00:30]} Rc1+ {[%emt 0:01:30]} 33. Rxc1 {[%emt 0:00:05]} Bxc1 {[%emt 0:00:04]} 34. Kf2 {[%emt 0:00:18]} a5 {[%emt 0:00:12]} 35. e3 {[%emt 0:00:13]} a4 {[%emt 0:00:40]} 36. Ne2 {[%emt 0:00:20]} Bb2 {[%emt 0:00:32]} 37. Bf1 {[%emt 0:00:17]} a3 {[%emt 0:00:08]} 38. Nd4 {[%emt 0:00:19]} Bxd4 {[%emt 0:00:48]} 39. Bc4+ {[%emt 0:00:31]} Kf8 {[%emt 0:00:05]} 40. exd4 {[%emt 0:00:00]} Ke7 {[%emt 0:00:00]} 41. d5 {[%emt 0:02:11]} cxd5 {[%emt 0:00:19]} 42. Bxd5 {[%emt 0:00:03]} Be6 {[%emt 0:00:05]} 0-1

[Event "XXVII RUS-chT Women 2020"]
[Site "Sochi"]
[Date "2020.11.23"]
[Round "5.21"]
[White "Elnikova, Milena"]
[Black "Goltseva, Ekaterina"]
[Result "0-1"]
[WhiteElo "1435"]
[BlackElo "2306"]
[Annotator "TA"]
[PlyCount "62"]
[EventDate "2020.11.19"]
[EventType "team-tourn"]
[EventCountry "RUS"]
[SourceTitle "playchess.com"]
[Source "ChessBase"]
[SourceQuality "1"]

{[%evp 13,62,-9,-8,-30,-21,-39,-41,-59,-60,-84,-79,-97,-93,-87,-83,-114,-103,-150,-114,-186,-103,-156,-136,-136,-121,-156,-158,-180,-56,-173,-154,-294,-282,-533,-530,-579,-281,-311,-297,-1483,-1498,-1477,-1441,-1616,-1616,-2919,-2631,-29988,-29989,-29989,-29990]} 1. e4 c5 2. d3 Nc6 3. Nd2 d6 4. g3 g6 5. Bg2 Bg7 6. Ngf3 e5 7. O-O Nge7 8. Re1 {A04: Unusual lines after 1 Nf3 and King's Indian Attack.} O-O 9. Nf1 h6 10. h4 {Black is slightly better.} f5 11. Bd2 Be6 12. Qc1 Kh7 13. N1h2 Qd7 {[#]} 14. Kh1 $146 ({Predecessor:} 14. Bh3 fxe4 15. Bxe6 Qxe6 16. Rxe4 d5 17. Re1 Qh3 18. Qd1 Nf5 19. Qe2 Rae8 20. Qf1 Qxf1+ 21. Kxf1 e4 22. dxe4 dxe4 23. Ng1 e3 24. g4 Ng3+ {0-1 (24) Melin Contreras,V (1678)-Jorquera Cabello,V (2032) Santiago de Chile 2017}) 14... d5 15. exf5 gxf5 16. Ng1 {[#]} (16. Bc3 $17) 16... d4 (16... f4 $1 $19 {[%mdl 512]} 17. Qd1 (17. gxf4 Ng6) 17... Nf5) 17. f4 (17. Qd1 $142) 17... Bd5 $17 18. fxe5 Nxe5 19. Ngf3 Ng4 20. Kg1 {[#]} Ng6 (20... Rae8 $1 $19 21. a3 b6) 21. Bf4 (21. h5 $15 N6e5 22. Bf4) 21... Rae8 22. Qd2 (22. Rxe8 $17 {was the only chance.} Rxe8 23. h5 Nxf4 24. Qxf4) 22... Nxf4 $19 23. gxf4 $2 (23. Qxf4 Ne3 24. Nf1) 23... Ne3 24. Nf1 Nxg2 (24... Rg8 $142 25. Kh1 Nxg2 26. Rxe8 Bxf3 27. Rxg8 Bc6) 25. Qxg2 Bf6 26. Kh1 $2 (26. Qh3) 26... Rg8 27. Qh3 Rg4 {White must now prevent ...Rxh4.} 28. N1h2 Rxh4 29. Qf1 Rg8 30. Qf2 Qf7 31. Rg1 {[#]} Rxh2+ $1 {[%mdl 576] Pin, Decoy.  Weighted Error Value: White=1.17/Black=0.22} 0-1